000 00717cam a22002292 4500
001 0000004413
005 20151217154348.0
008 070523s xx 000 0 eng d
020 _a0521310423 :
_cGBP 27.00
040 _aKABU
_cKABU
050 0 _aQA184
_b.H36
100 1 _aHamilton, A. G.
_@0000154960
245 1 0 _aLinear algebra :
_ban introduction with concurrent examples.
260 _aCambridge :
_bCUP,
_c1989.
300 _aviii, 328 p.
650 0 _aAlgebras, Linear.
_@0000154658
852 1 _9p4550 KES
852 1 _9p4277 KES
908 _a070523
950 _@1
999 _c10764
_d10764